000 01974nam a2200361 i 4500
001 000002710
003 DO-SdBPM
005 20251013134740.0
007 ta
008 090703s2007 dr a 000 0 spa d
040 _aDO-SdBPM
_bspa
_cBPMSU
_erda
082 4 _a305.42
_bJ45f 2007
_222
110 1 _aRepública Dominicana.
_bOficina Nacional de Estadística
245 0 0 _aLa jefatura femenina de hogar en República Dominicana :
_bun estudio a partir de datos censales /
_c Investigación Jafmary Féliz, Tomás Sánchez S., Teresa Guerrero Núñez
264 _aSanto Domingo :
_b Oficina Nacional de Estadística (ONE)
_c2007
300 _a28 páginas :
_bilustraciones ;
_c25 cm.
336 _2rdacontent
_atexto
_btxt
337 _2rdamedia
_asin mediación
_bn
338 _2rdacarrier
_avolumen
_bnc
500 _a
504 _aBibliografía: páginas 27-28
505 0 _aPalabras del director -- Introducción – Algunas consideraciones teórico- conceptuales -- 1.- En torno al concepto y clasificación de la jefatura femenina de hogar -- 2.- El aumento de la jefatura femenina: factores entrelazados lo explican -- 3.- Hogares liderados por mujeres: ¿Hogares más pobres? – Resultados y discusiones -- 1.- Evolución de la jefatura femenina de hogar en la República Dominicana -- 2.- Un perfil de las jefas de hogar dominicanas -- 3.- Condición y entorno de las viviendas dominicanas lideradas por mujeres – A modo de conclusión -- Bibliografía.
590 _aInventariado, 2025/VM
650 4 _aMujeres
_zRepública Dominicana
_xInvestigaciones
_v
650 7 _aJefes de hogar
_zRepública Dominicana
_x
650 7 _aCenso
_zRepública Dominicana
_vEstadísticas
700 1 _aTactuk, Pablo
_ePresentación
700 1 _aFéliz, Jafmary
_e investigación
700 1 _a Sánchez S., Tomás
_e investigación
700 1 _a Guerrero Núñez, Teresa
_e Investigación
910 _aVMateo V. Control de calidad. BPMSU
942 _2ddc
_cBK
999 _c15435
_d15435